LEADER 03136nam 2200649 450 001 9910460154603321 005 20200520144314.0 010 $a1-78238-547-9 035 $a(CKB)3710000000260981 035 $a(EBL)1644371 035 $a(SSID)ssj0001349899 035 $a(PQKBManifestationID)11877414 035 $a(PQKBTitleCode)TC0001349899 035 $a(PQKBWorkID)11287792 035 $a(PQKB)10806872 035 $a(MiAaPQ)EBC1644371 035 $a(Au-PeEL)EBL1644371 035 $a(CaPaEBR)ebr10956102 035 $a(CaONFJC)MIL655462 035 $a(OCoLC)893735680 035 $a(EXLCZ)993710000000260981 100 $a20141029h20152015 uy 0 101 0 $aeng 135 $aur|n|---||||| 181 $ctxt 182 $cc 183 $acr 200 10$aEnhancing democracy $epublic policies and citizen participation in Chile /$fGonzalo Delamaza 210 1$aNew York, [New York] ;$aOxford, [England] :$cBerghahn Books,$d2015. 210 4$dİ2015 215 $a1 online resource (308 p.) 225 1 $aCEDLA Latin America Studies ;$vVolume 104 300 $aDescription based upon print version of record. 311 $a1-322-24182-1 311 $a1-78238-546-0 320 $aIncludes bibliographical references and index. 327 $aContents; Tables; Acknowledgements; Abbreviations; Introduction: The Question of Democracy in a Democratic Society; Chapter 1 - Construction of Democracy, Public Policy and Civil Society's Participation; Chapter 2 - Chile: Top-down Modernization and Low-intensity Re-democratization; Chapter 3 - Social Policy Agendas in the Transition to Democracy; Chapter 4 - Civil Society, Public Policy Networks and Participatory Initiatives; Chapter 5 - From Civil Society to the State: A New Elite Is Born?; Conclusion - Participation and Public Policy in the Chilean Democratic Process; References; Index 330 $aSince the end of the Pinochet regime, Chilean public policy has sought to rebuild democratic governance in the country. This book examines the links between the state and civil society in Chile and the ways social policies have sought to ensure the inclusion of the poor in society and democracy. Although Chile has gained political stability and grown economically, the ability of social policies to expand democratic governance and participation has proved limited, and in fact such policies have become subordinate to an elitist model of democracy and resulted in a restrictive form of citizen pa 410 0$aLatin America studies ;$vVolume 104. 606 $aPolitical participation$zChile 606 $aDemocracy$zChile 606 $aCivil society$zChile 607 $aChile$xSocial policy 607 $aChile$xPolitics and government$y1988- 608 $aElectronic books. 615 0$aPolitical participation 615 0$aDemocracy 615 0$aCivil society 676 $a320.60983 700 $aDelamaza$b Gonzalo$0996671 801 0$bMiAaPQ 801 1$bMiAaPQ 801 2$bMiAaPQ 906 $aBOOK 912 $a9910460154603321 996 $aEnhancing democracy$92285127 997 $aUNINA LEADER 05119nam 22006135 450 001 9910585788203321 005 20251113173552.0 010 $a3-030-99550-X 024 7 $a10.1007/978-3-030-99550-8 035 $a(MiAaPQ)EBC7054549 035 $a(Au-PeEL)EBL7054549 035 $a(CKB)24286809800041 035 $a(DE-He213)978-3-030-99550-8 035 $a(PPN)263897567 035 $a(EXLCZ)9924286809800041 100 $a20220729d2022 u| 0 101 0 $aeng 135 $aurcnu|||||||| 181 $ctxt$2rdacontent 182 $cc$2rdamedia 183 $acr$2rdacarrier 200 14$aThe Emotional Cerebellum /$fedited by Michael Adamaszek, Mario Manto, Dennis J. L. G. Schutter 205 $a1st ed. 2022. 210 1$aCham :$cSpringer International Publishing :$cImprint: Springer,$d2022. 215 $a1 online resource (310 pages) 225 1 $aAdvances in Experimental Medicine and Biology,$x2214-8019 ;$v1378 311 08$aPrint version: Adamaszek, Michael The Emotional Cerebellum Cham : Springer International Publishing AG,c2022 9783030995492 327 $aPart I. Basic Principles of Cerebellar Function in Emotion -- Chapter 1. Introduction into the Role of the Cerebellum in Emotion -- Chapter 2. Principles of Brain and Emotion: Beyond the Cortico-Centric Bias -- Chapter 3. Cerebellum and Emotion Processing -- Chapter 4. Cerebellum and Emotion Recognition -- Chapter 5. Cerebellum and Emotion Memory -- Part II. Cells and Molecules of Emotions in the Cerebellum -- Chapter 6. Topography of Emotions in Cerebellum as Appraised by Functional Imaging -- Chapter 7. The Neurophysiology of the Cerebellum in Emotion -- Chapter 8. Non-invasive Brain Stimulation of the Cerebellum in Emotion -- Part III. Cerebellum and Emotion in High Order Domains -- Chapter 9. Reward-Based Learning and Emotional Habit Formation in the Cerebellum -- Chapter 10. Cerebellar Contribution to Emotional Body Language Perception -- Chapter 11. Influence of Pain on Cognitive Dysfunction and Emotion Dysregulation in Chiari Malformation Type I -- Chapter 12. Cerebellum and Emotion in Morality -- Chapter 13. Music and the Cerebellum -- Chapter 14. The Cerebellum and Beauty: The Impact of the Cerebellum in Art Experience and Creativity -- Chapter 15. Cerebellum and Emotion in Social Behavior -- Chapter 16. Cerebellum, Embodied Emotions, and Psychological Traits -- Part IV. Cerebellum and Emotion Disorders -- Chapter 17. The Cerebellum and Disorders of Emotion -- Chapter 18. Cerebellum and Neurorehabilitation in Emotion with a Focus on Neuromodulation -- Part V. Perspectives -- Chapter 19. Current and Future Perspectives of the Cerebellum in Affective Neurosciences. 330 $aEmotions represent a critical aspect of daily life in humans. Our understanding of the mechanisms of regulation of emotions has increased exponentially these last two decades. This book evaluates the contribution of the cerebellum to emotion. It outlines the current clinical, imaging and neurophysiological findings on the role of the cerebellum in key aspects of emotional processing and its influence on motor and cognitive function and social behavior. In the first section, the reader is introduced to the contributions of the cerebellum to various emotion domains, from emotion perception and recognition to transmission and encoding. Subsequent chapters provide a comprehensive picture of the neurophysiology and topography of emotion in the cerebellum and illustrate the convergence of theoretical and empirical research. Additional chapters address the cerebellum's involvement in emotional learning, emotional pain, emotional aspects of body language and perception, and its relations to social cognition including morality, music, and art. Finally, neuropsychiatric aspects of the cerebellum's influence on mood disorders and the current state of therapeutic options, including noninvasive stimulation approaches, complete the overview. This is the first book summarizing the current state of knowledge on the contribution of the cerebellum to important aspects of emotion. It is an essential reference for students, trainees, neuroscientists, researchers, and clinicians in neuroscience, neurology, neurosurgery and psychology involved in the study of emotions. The authors are renowned scientists in the field of cerebellar research. 410 0$aAdvances in Experimental Medicine and Biology,$x2214-8019 ;$v1378 606 $aNeurosciences 606 $aEmotions 606 $aNeuropsychology 606 $aNeuroscience 606 $aEmotion 606 $aNeuropsychology 615 0$aNeurosciences. 615 0$aEmotions. 615 0$aNeuropsychology. 615 14$aNeuroscience. 615 24$aEmotion. 615 24$aNeuropsychology. 676 $a612.827 676 $a612.8 702 $aAdamaszek$b Michael 702 $aManto$b Mario 702 $aSchutter$b Dennis J. L. G. 801 0$bMiAaPQ 801 1$bMiAaPQ 801 2$bMiAaPQ 906 $aBOOK 912 $a9910585788203321 996 $aEmotional Cerebellum$94404215 997 $aUNINA